| 000 | 00615 a2200205 4500 | ||
|---|---|---|---|
| 020 | _a0070626022 | ||
| 040 | _aDLC | ||
| 082 | 0 | 0 | _a512.9 |
| 100 | 1 | _aHutchison, Donald, | |
| 245 | 1 | 0 |
_aIntermediate algebra _cDonald Hutchison, Louis Hoelzle, James Streeter. |
| 260 |
_aNew York : _bMcGraw-Hill, _cc1995. |
||
| 300 |
_a1 v. (various pagings) : _bcol. ill. ; _c27 cm. |
||
| 500 | _aRelated work: Intermediate algebra / James Streeter. | ||
| 500 | _aIncludes index. | ||
| 650 | 0 | _aAlgebra. | |
| 700 | 1 | _aHoelzle, Louis F. | |
| 700 | 1 | _aStreeter, James | |
| 700 | 1 | _aStreeter, James | |
| 942 |
_cBK _k512.9 HUT _2ddc |
||
| 999 |
_c7483 _d7483 |
||